000 01211naa a22003137a 4500
001 BR8601691
003 BR-BrBNA
005 20240918175645.0
007 ta
008 230509b bl.||||| |||| 00| 0 por d
040 _aBR-BrBNA
_bpor
_cBiblioteca Nacional de Agricultura
041 _a(Pt)
072 _aA01
_b/G514
090 _aA01 BR8601691
100 1 _aDobereiner, J.
100 1 _aWilkinson, J.
100 1 _aZimmermann, J.
100 1 _aLutzemberger, J.A.
111 1 _a2. Encontro Brasileiro de Agricultura Alternativa
_cRio de Janeiro, RJ (Brazil)
_d1985
245 1 _aPerspectivas da agricultura alternativa no Brasil
246 1 _a[Alternative agriculture prospects in Brazil]
246 1 _a[Annals of the 2. Brazilian Meeting of Alternative Agriculture]
260 3 _aRio de Janeiro, RJ (Brasil):
_c1985.
500 _aAnais do 2. Encontro Brasileiro de Agricultura Alternativa Rio de Janeiro, RJ (Brasil): 1985. p. 60-101 (BR8601691-AM)A01
650 _aAGRICULTURA BIOLOGICA
773 0 _tAnais do 2. Encontro Brasileiro de Agricultura Alternativa
_wA01 BR8601691
_gRio de Janeiro, RJ (Brasil), 1985. p. 60-101
909 _a202404
_bLucia
_c55
_dLucia Elande
942 _cAM
_2AGRIS
999 _c317628
_d317628